000 00305nam a2200109Ia 4500
008 220624s9999 xx 000 0 und d
020 _a0 624 02612 4
082 _aAF DE
100 _aDe Kock, Helene
_967844
245 0 _aJOERNAAL VAN N WINTER JAAR
942 _cBK
_w561
_xJohn Tresidder
_y
_zCRON CRON
999 _c687347
_d687346